О температурных условиях формирования кварца золоторудных месторождений; Термобарогеохимия эндогенных процессов

Dades bibliogràfiques
Parent link:Термобарогеохимия эндогенных процессов.— 1984.— С. 79-80
Autor principal: Коробейников А. Ф. Александр Феопенович
Altres autors: Пшеничкин А. Я., Рудик А. К.
Sumari:В фонде НТБ ТПУ отсутствует
Idioma:rus
Publicat: 1984
Matèries:
Format: MixedMaterials Capítol de llibre
KOHA link:https://koha.lib.tpu.ru/cgi-bin/koha/opac-detail.pl?biblionumber=595354

MARC

LEADER 00000naa0a2200000 4500
001 595354
005 20250224171635.0
035 |a (RuTPU)RU\TPU\tpu\16365 
090 |a 595354 
100 |a 20090626d1984 k y0rusy50 ca 
101 0 |a rus 
102 |a RU 
200 1 |a О температурных условиях формирования кварца золоторудных месторождений  |f А. Ф. Коробейников, А. Я. Пшеничкин, А. К. Рудик 
333 |a В фонде НТБ ТПУ отсутствует 
463 |t Термобарогеохимия эндогенных процессов  |o тезисы докладов  |v С. 79-80  |d 1984 
610 1 |a труды учёных ТПУ 
700 1 |a Коробейников  |b А. Ф.  |c российский геолог, доктор геолого-минералогических наук  |c профессор Томского политехнического университета  |f 1934-  |g Александр Феопенович  |3 (RuTPU)RU\TPU\pers\12688  |4 070 
701 1 |a Пшеничкин  |b А. Я. 
701 1 |a Рудик  |b А. К. 
801 1 |a RU  |b 63413507  |c 20090626  |g PSBO 
942 |c BK